Länder ohne Nachbarland - Statistiken

Allgemein
  • Dieses Quiz wurde 332 mal gespielt
  • Das Durchschnittsergebnis liegt bei 31 aus 39
Antwortstatistiken
Antwort % Korrekt
Australien
95%
Island
94%
Neuseeland
94%
Malta
92%
Madagaskar
91%
Jamaika
88%
Japan
88%
Zypern
88%
Kuba
87%
Fidschi
86%
Malediven
86%
Seychellen
86%
Bahamas
85%
Sri Lanka
85%
Kap Verde
83%
St. Lucia
82%
St. Vincent und die Grenadinen
81%
Barbados
80%
St. Kitts und Nevis
80%
Tonga
80%
Marschallinseln
79%
Mauritius
79%
Palau
79%
Tuvalu
79%
Vanuatu
79%
Komoren
78%
Trinidad und Tobago
78%
Kiribati
77%
Mikronesien
77%
Nauru
75%
Grenada
74%
Salomonen
74%
Antigua und Barbuda
73%
Samoa
73%
Dominica
72%
Sao Tome und Principe
72%
Taiwan
72%
Phillippinen
68%
Bahrain
46%
Keine übereinstimmenden Quizze gefunden
Verteilung der Resultate
Anzahl Personen mit jedem Resultat
Perzentil nach korrekt beantworteten Fragen
Ihre Resultats-Entwicklung
Sie haben dieses Quiz noch nicht gespielt